Statystyki dla Polskie tablice rejestracyjne 1976-2000

Kliknij tutaj aby rozwiązać quiz!

Ogólne statystyki

  • Ten quiz został rozwiązany 56 razy
  • Średni wynik to 30 z 49

Statystyki odpowiedzi

Wyróżnik:Województwo:% Poprawnych
BIKbiałostockie
87%
OLLolsztyńskie
74%
WXKwarszawskie
74%
BTYbydgoskie
72%
PZWpoznańskie
72%
BLAbielskie
69%
ODPopolskie
69%
ELJelbląskie
67%
KVAkrakowskie
67%
PCKpłockie
67%
RDLradomskie
67%
RWCrzeszowskie
67%
WWCwrocławskie
67%
BPVbialskopodlaskie
64%
CELczęstochowskie
64%
LLLlubelskie
64%
NOVnowosądeckie
64%
TBNtarnobrzeskie
64%
TNCtarnowskie
64%
ZNAzielonogórskie
64%
CNIciechanowskie
62%
GWLgorzowskie
62%
JAGjeleniogórskie
62%
KLBkaliskie
62%
KEDkieleckie
62%
SWOsuwalskie
62%
ZMCzamojskie
62%
LCXlegnickie
59%
OSMostrołęckie
59%
PRAprzemyskie
59%
SCAszczecińskie
59%
WYBwałbrzyskie
59%
GNLgdańskie
56%
KGBkoszalińskie
56%
LFAłódzkie
56%
PIUpilskie
56%
TOVtoruńskie
56%
CUDchełmskie
54%
LAMłomżyńskie
54%
SDAsiedleckie
54%
SPRsłupskie
54%
WECwłocławskie
54%
LNEleszczyńskie
51%
PUGpiotrkowskie
51%
SINsieradzkie
51%
KBGkatowickie
49%
KMBkonińskie
49%
KUSkrośnieńskie
49%
SNEskierniewickie
46%

Rozkład punktacji

Percentyl według liczby udzielonych odpowiedzi

Procent ludzi z każdym wynikiem

Twoja historia wyników

Nie rozwiązałeś tego quizu